[Event "Chigorin Memorial 26th"]
[Site "St Petersburg"]
[Date "2018.11.03"]
[Round "8"]
[White "Pradeep, Pandya"]
[Black "Shihaliev, Leonard"]
[Result "0-1"]
[WhiteElo "1537"]
[BlackElo "2010"]
[PlyCount "94"]
[EventDate "2018.10.27"]
[EventType "swiss"]
[EventRounds "9"]
[EventCountry "RUS"]
[SourceTitle "CBM 187 Extra"]
[Source "ChessBase"]
[SourceDate "2018.11.04"]
[SourceVersion "1"]
[SourceVersionDate "2018.11.04"]
[SourceQuality "1"]

1. d4 e6 2. c4 Nf6 3. Nc3 Bb4 4. e3 0-0 5. a3 Bxc3+ 6. bxc3 b6 7. Be2 Bb7 8. Nf3 Ne4 9. Qc2 f5 10. 0-0 d6 11. Bb2 Nd7 12. Rad1 Qe7 13. Rfe1 Ndf6 14. h3 Kh8 15. d5 exd5 16. cxd5 Bxd5 17. c4 Be6 18. Nd4 Bd7 19. Bf3 c5 20. Ne2 Rad8 21. Nf4 Bc6 22. Rd3 Qe8 23. Bxf6 Rxf6 24. Qb2 Rh6 25. Red1 Ba4 26. Re1 Ng5 27. Bd5 Qe5 28. Qc1 Rf8 29. Ne2 Qe8 30. f4 Ne4 31. Bxe4 Qxe4 32. Qd2 Bc6 33. Ng3 Qe6 34. Rc1 Rd8 35. Qc3 Rg6 36. Kh2 Rxg3 37. Kxg3 Qg6+ 38. Kh4 Qh6+ 39. Kg3 Qg6+ 40. Kh4 Qxg2 41. Qd2 g5+ 42. fxg5 Qf3 43. Qh2 Re8 44. g6 h6 45. Qf4 Re4 46. Qxe4 Bxe4 47. Rxd6 Qf2+ 0-1

[Event "Chigorin Memorial 25th"]
[Site "St Petersburg"]
[Date "2017.10.29"]
[Round "9"]
[White "Leonova, Ameliya"]
[Black "Pradeep, Pandya"]
[Result "0-1"]
[WhiteElo "1798"]
[BlackElo "1571"]
[PlyCount "138"]
[EventDate "2017.10.21"]
[EventType "swiss"]
[EventRounds "9"]
[EventCountry "RUS"]
[SourceTitle "CBM 181 Extra"]
[Source "ChessBase"]
[SourceDate "2017.12.12"]
[SourceVersion "1"]
[SourceVersionDate "2017.12.12"]
[SourceQuality "1"]

1. e4 e5 2. Nf3 Nf6 3. Nxe5 d6 4. Nf3 Nxe4 5. Nc3 Nxc3 6. dxc3 Be7 7. Be3 Nc6 8. Qd2 Be6 9. 0-0-0 Qd7 10. a3 a6 11. Bd3 0-0-0 12. Rhe1 h6 13. h4 Kb8 14. c4 Bg4 15. Be4 Rhe8 16. Bxc6 Qxc6 17. Qd4 Bxf3 18. gxf3 Bf6 19. Qa7+ Kc8 20. c5 d5 21. Rd3 Kd7 22. Rb3 Ra8 23. Qxb7 Qxb7 24. Rxb7 Kc6 25. Rb3 d4 26. Bd2 Rxe1+ 27. Bxe1 Re8 28. Kd1 Bxh4 29. Rd3 Kxc5 30. c3 Bf6 31. cxd4+ Bxd4 32. Bc3 Bxc3 33. Rxc3+ Kd6 34. Rd3+ Kc6 35. Rd4 Re6 36. Rc4+ Kd6 37. Rd4+ Kc5 38. Rf4 Rf6 39. Rg4 g5 40. Ke2 Rf4 41. Rg1 f5 42. b3 Kd5 43. Rd1+ Rd4 44. Rh1 Rh4 45. Rd1+ Kc6 46. Rd8 Rh1 47. Rg8 Kc5 48. Rg6 c6 49. Kd3 Rd1+ 50. Ke3 Rd6 51. Rg8 Kd5 52. Rg7 Re6+ 53. Kd3 Ke5 54. Kc4 Kf4 55. Rf7 h5 56. Rh7 h4 57. Rh5 Rg6 58. Kc5 Kxf3 59. Kb6 c5+ 60. Kxc5 Kxf2 61. b4 f4 62. a4 f3 63. b5 axb5 64. axb5 Kg3 65. b6 g4 66. b7 Rg8 67. Kd4 f2 68. Rg5 Rd8+ 69. Rd5 f1Q 0-1

[Event "Chigorin Memorial 25th"]
[Site "St Petersburg"]
[Date "2017.10.21"]
[Round "1"]
[White "Cherednichenko, Dmitrij"]
[Black "Pradeep, Pandya"]
[Result "1-0"]
[WhiteElo "2209"]
[BlackElo "1571"]
[PlyCount "75"]
[EventDate "2017.10.21"]
[EventType "swiss"]
[EventRounds "9"]
[EventCountry "RUS"]
[SourceTitle "CBM 181 Extra"]
[Source "ChessBase"]
[SourceDate "2017.12.12"]
[SourceVersion "1"]
[SourceVersionDate "2017.12.12"]
[SourceQuality "1"]

1. d4 Nf6 2. c4 g6 3. Nc3 Bg7 4. e4 d6 5. Be2 Nbd7 6. Nf3 e5 7. 0-0 0-0 8. Qc2 exd4 9. Nxd4 Nc5 10. Be3 c6 11. b4 Ne6 12. Rad1 Qc7 13. Nb3 b6 14. b5 Bb7 15. bxc6 Bxc6 16. Rd2 Rad8 17. f3 Rd7 18. Rfd1 Rfd8 19. Nd5 Bxd5 20. cxd5 Qxc2 21. Rxc2 Rc7 22. Rxc7 Nxc7 23. Rc1 Nfe8 24. Nd4 Bxd4 25. Bxd4 Kf8 26. Kf2 Ke7 27. h4 Kd7 28. g4 Kc8 29. f4 Kb7 30. h5 Na6 31. Rh1 Nc5 32. Bxc5 bxc5 33. hxg6 hxg6 34. Rh7 Rd7 35. e5 Rc7 36. Bb5 c4 37. Bxe8 c3 38. Bc6+ 1-0